Removal of heavy metals from water using carbon nanotubes functionalized with deep eutectic solvents /
محفوظ في:
| المؤلف الرئيسي: | |
|---|---|
| التنسيق: | أطروحة كتاب |
| اللغة: | English |
| منشور في: |
2017.
|
| الموضوعات: | |
| الوصول للمادة أونلاين: | http://studentsrepo.um.edu.my/7421/ |
| الوسوم: |
إضافة وسم
لا توجد وسوم, كن أول من يضع وسما على هذه التسجيلة!
|
| LEADER | 01469cam a2200349 i 4500 | ||
|---|---|---|---|
| 001 | u1052680 | ||
| 003 | SIRSI | ||
| 005 | 201705121522 | ||
| 008 | 170512s2017 my a m 000 0 eng | ||
| 040 | |a UMM |d UMJ |e rda | ||
| 090 | |a TP7 |b UMP 2017 Sai | ||
| 097 | |a TP7 |b UMP 2017 Sai | ||
| 100 | 1 | |a Saied, Mohamed Khalid Mohamed, |e author. | |
| 245 | 1 | 0 | |a Removal of heavy metals from water using carbon nanotubes functionalized with deep eutectic solvents / |c Mohamed Khalid Mohamed Saied. |
| 264 | 1 | |c 2017. | |
| 264 | 4 | |c 2017. | |
| 300 | |a xxv, 291 leaves, 7 unnumbered leaves : |b illustrations ; |c 30 cm. | ||
| 336 | |a text |2 rdacontent | ||
| 337 | |a unmediated |2 rdamedia | ||
| 338 | |a volume |2 rdacarrier | ||
| 502 | |b Ph.D. |c Jabatan Kejuruteraan Kimia, Fakulti Kejuruteraan, Universiti Malaya |d 2017. | ||
| 504 | |a Bibliography: leaves 223-254. | ||
| 650 | 0 | |a Nanotechnology. | |
| 650 | 0 | |a Water |x Purification. | |
| 650 | 0 | |a Carbon nanotubes. | |
| 710 | 2 | |a Universiti Malaya. |b Jabatan Kejuruteraan Kimia, |e degree granting institution. | |
| 856 | 4 | 1 | |u http://studentsrepo.um.edu.my/7421/ |
| 900 | |a NSR NSM | ||
| 596 | |a 1 7 25 | ||
| 999 | |a TP7 UMP 2017 SAI |w LC |c 1 |i A516965457 |d 8/1/2018 |f 8/1/2018 |g 1 |l STACKS |m P07JURUTER |r N |s Y |t TESIS |u 8/1/2018 |1 STEM | ||
| 999 | |a TP7 UMP 2017 SAI |w LC |c 1 |i A516677552 |d 12/7/2017 |f 12/7/2017 |g 1 |l STACKS |m P01UTAMA |r Y |s Y |t TESIS |u 11/7/2017 |1 STEM | ||
| 999 | |a TP7 UMP 2017 SAI |w LC |c 1 |i A516566123 |l STACKS |m P25UMARCHI |r N |s Y |t CD |u 19/9/2017 |1 STEM | ||
